000 00211nam a22000857a 4500
008 170124b xxu||||| |||| 00| 0 eng d
100 _92545
_aSharma.D.M.etal.
245 _aG.K.Planet-5
260 _aNew Delhi
_bPMP
_c2010
999 _c5646
_d5646